Fire Emblem Three Houses: Les personnages - Statistiques

Statistiques générales
  • Ce quiz a été pris 624 fois
    615 depuis la dernière actualisation
  • Le résultat moyen est 31 sur 40
Statistiques - réponses
Maison Personnage % Correct
Lions de saphir Dimitri
98%
Cerfs d'or Claude
96%
Aigles de Jais Edelgard
95%
Joueur Byleth
91%
Lions de saphir Felix
89%
Cerfs d'or Hilda
89%
Lions de saphir Sylvain
88%
Lions de saphir Mercedes
86%
Lions de saphir Dedue
85%
Cerfs d'or Marianne
85%
Lions de saphir Annette
84%
Aigles de Jais Bernadetta
84%
Aigles de Jais Hubert
84%
Lions de saphir Ingrid
84%
Aigles de Jais Caspar
83%
Aigles de Jais Dorothea
83%
Aigles de Jais Ferdinand
83%
Cerfs d'or Lysithea
83%
Cerfs d'or Raphael
82%
Lions de saphir Ashe
81%
Aigles de Jais Petra
80%
Eglise de Seiros Catherine
76%
Eglise de Seiros Flayn
76%
Cerfs d'or Ignatz
76%
Eglise de Seiros Seteth
76%
Cerfs d'or Lorenz
75%
Cerfs d'or Leonie
74%
Eglise de Seiros Shamir
73%
Loups de Cendre Yuri
71%
Loups de Cendre Constance
66%
Loups de Cendre Hapi
66%
Aigles de Jais Linhardt
66%
Eglise de Seiros Manuella
65%
Eglise de Seiros Aloïs
61%
Loups de Cendre Balthus
60%
Eglise de Seiros Cyril
60%
Eglise de Seiros Hanneman
60%
Ver. 1.1.0 Jeritza
54%
Ver. 1.1.0 Anna
50%
Eglise de Seiros Gilbert
49%
Aucun quiz correspondant
Distribution des résultats
% des personnes avec chaque résultat
Percentile par nombre de réponses
Votre historique - résultats
Vous n’avez pas pris ce quiz depuis la dernière actualisation